000
00329nam a22001457a 4500
008
210308b ||||| |||| 00| 0 eng d
020
_a
97803939343113th
041
_a
eng
080
_2
3th
_a
541
082
_2
541
100
_a
12
101
_a
KIM
245
_a
Chemistry
_c
Gilbert , Kirss, Foster, Davies
942
_2
udc
_c
BK
999
_c
56018
_d
56018